LEADER 00958nam0-2200325---450- 001 990008511230403321 005 20090331171150.0 010 $a3-540-38994-6 010 $a9783540389941 035 $a000851123 035 $aFED01000851123 035 $a(Aleph)000851123FED01 035 $a000851123 100 $a20070517d2007----km-y0itay50------ba 101 0 $aeng 102 $aDE 105 $aa---a---001yy 200 1 $a<>short course in quantum information theory$ean approach from theoretical physics$fLajos Diósi 210 $aBerlin [etc.]$cSpringer$dc2007 215 $aIX, 126 p.$cill.$d24 cm 225 1 $aLecture notes in physics$v713 610 0 $aQuantum computing 700 1$aDiósi,$bLajos$0431896 801 0$aIT$bUNINA$gRICA$2UNIMARC 901 $aBK 912 $a990008511230403321 952 $a22D-010$bD.S.F. 8857$fFI1 959 $aFI1 996 $aShort course in quantum information theory$9732208 997 $aUNINA LEADER 02263nas 2200757-a 450 001 996210412703316 005 20231101151458.0 011 $a1557-4679 035 $a(OCoLC)61310760 035 $a(CKB)2670000000395097 035 $a(CONSER)--2005214239 035 $a(DE-599)ZDB2239443-6 035 $a(EXLCZ)992670000000395097 100 $a20050822a20059999 s-- a 101 0 $aeng 135 $aurcnu|||||||| 181 $ctxt$2rdacontent 182 $cc$2rdamedia 183 $acr$2rdacarrier 200 04$aThe international journal of biostatistics 210 $aBerkeley, CA $cBerkeley Electronic Press$d©2005- 210 3 $aBerlin $cWalter de Gruyter 215 $a1 online resource 300 $aRefereed/Peer-reviewed 300 $aTitle from journal home page (publisher's Web site, viewed Aug. 22, 2005). 300 $a"Articles are published as soon as they are ready." 311 $a2194-573X 531 $aIJB 531 $aINT J BIOSTAT 531 $aINT. J. BIOSTAT 531 10$aInt J Biostat 606 $aBiometry$vPeriodicals 606 $aMedical statistics$vPeriodicals 606 $aBiometry$xMethodology$vPeriodicals 606 $aBiometry 606 $aBiometry 606 $aBiométrie$vPériodiques 606 $aStatistique médicale$vPériodiques 606 $aBiométrie$xMéthodologie$vPériodiques 606 $aBiométrie 606 $abiometrics$2aat 606 $aBiometry$2fast$3(OCoLC)fst00832611 606 $aMedical statistics$2fast$3(OCoLC)fst01014672 608 $aPeriodical 608 $aFulltext. 608 $aInternet Resources. 608 $aPeriodicals. 608 $aPeriodicals.$2lcgft 608 $aPeriodicals.$2fast 615 0$aBiometry 615 0$aMedical statistics 615 0$aBiometry$xMethodology 615 0$aBiometry. 615 12$aBiometry 615 6$aBiométrie 615 6$aStatistique médicale 615 6$aBiométrie$xMéthodologie 615 6$aBiométrie. 615 7$abiometrics. 615 7$aBiometry. 615 7$aMedical statistics. 676 $a574 906 $aJOURNAL 912 $a996210412703316 996 $aThe international journal of biostatistics$92421175 997 $aUNISA